[Event "FIDE Women's Grand Swiss"]
[Site "Samarkand UZB"]
[Date "2025.09.13"]
[Round "9.18"]
[White "Omonova, Umida"]
[Black "Salimova, Nurgyul"]
[Result "1-0"]
[WhiteTitle "WIM"]
[BlackTitle "IM"]
[WhiteElo "2252"]
[BlackElo "2386"]
[WhiteFideId "14210363"]
[BlackFideId "2915138"]
[EventDate "2025.09.04"]

1. e4 c5 2. Nf3 Nc6 3. Bb5 e6 4. O-O Nd4 5. Bd3 Ne7 6. Re1 Ng6 7. Bf1 Qf6 8.
Nxd4 cxd4 9. d3 h5 10. Nd2 Bb4 11. a3 Ba5 12. b4 Bc7 13. Nf3 e5 14. Bd2 d6 15.
c3 dxc3 16. Bg5 Qe6 17. Rc1 Bb6 18. Rxc3 O-O 19. Be3 Bxe3 20. Rxe3 Qe7 21. h3 a5
22. b5 Bd7 23. d4 Rac8 24. Qd2 b6 25. Rxc8 Bxc8 26. Rc3 Nf4 27. Qe3 Bb7 28. dxe5
dxe5 29. Qxb6 Bxe4 30. Qc7 Nxh3+ 31. gxh3 Qxc7 32. Rxc7 Bxf3 33. Bg2 Bxg2 34.
Kxg2 a4 35. b6 Rb8 36. b7 Kh7 37. Rxf7 Kg6 38. Rc7 Kf6 39. Kf3 g5 40. Ke4 Ke6
41. f3 Kd6 42. Rg7 Kc6 43. Kxe5 Re8+ 44. Kf5 Kb6 45. Kxg5 Ka7 46. f4 Re3 47. f5
Rg3+ 48. Kh6 Rf3 49. Rg5 Kxb7 50. Kg7 Rxa3 51. f6 Rxh3 52. f7 Rf3 53. f8=Q Rxf8
54. Kxf8 h4 55. Ra5 1-0

[Event "FIDE Women's Grand Swiss"]
[Site "Samarkand UZB"]
[Date "2025.09.13"]
[Round "9.19"]
[White "Kaliakhmet, Elnaz"]
[Black "Vantika, Agrawal"]
[Result "1-0"]
[WhiteTitle "WIM"]
[BlackTitle "IM"]
[WhiteElo "2299"]
[BlackElo "2381"]
[WhiteFideId "13730169"]
[BlackFideId "25050389"]
[EventDate "2025.09.04"]

1. d4 Nf6 2. c4 e6 3. Nc3 Bb4 4. Qc2 h6 5. Nf3 c5 6. dxc5 Na6 7. g3 Nxc5 8. Bg2
Nce4 9. O-O Nxc3 10. bxc3 Bc5 11. e4 Nh7 12. e5 Rb8 13. Nd4 b6 14. Be3 O-O 15.
Rfd1 Qe7 16. Qd3 Ba6 17. Nb5 Bxe3 18. Qxe3 Bxb5 19. cxb5 Rfc8 20. Rd6 Rc5 21.
Rad1 Nf8 22. Bf1 Rbc8 23. c4 R8c7 24. a4 g5 25. Qd4 Ng6 26. Re1 Kg7 27. Kh1 Nf8
28. a5 bxa5 29. Ra6 f6 30. Rxa7 fxe5 31. Rxe5 Qf6 32. b6 Qxe5 33. Qxe5+ Rxe5 34.
Rxc7 Re1 35. Kg2 Rb1 36. c5 Kf6 37. b7 Ng6 38. Bd3 Rb2 39. Be4 Ne5 40. Rc8 d5
41. cxd6 Nd7 42. Bc6 Ne5 43. Rf8+ Kg7 44. b8=Q Rxb8 45. Rxb8 Nxc6 46. d7 1-0

[Event "FIDE Women's Grand Swiss"]
[Site "Samarkand UZB"]
[Date "2025.09.13"]
[Round "9.20"]
[White "Zhai, Mo"]
[Black "Khalilova, Madinabonu"]
[Result "1-0"]
[WhiteTitle "WGM"]
[BlackTitle "WCM"]
[WhiteElo "2380"]
[BlackElo "2148"]
[WhiteFideId "8600201"]
[BlackFideId "14223422"]
[EventDate "2025.09.04"]

1. Nf3 Nf6 2. c4 c5 3. Nc3 d5 4. cxd5 Nxd5 5. d4 cxd4 6. Qxd4 Nxc3 7. Qxc3 Nc6
8. e4 Bd7 9. Be2 e5 10. O-O Qc7 11. a3 Bd6 12. Be3 O-O 13. Rfd1 Rfd8 14. b4 Bg4
15. Rac1 a6 16. h3 Bh5 17. Qb3 Rac8 18. g4 Bg6 19. Bc4 Bxe4 20. Bxf7+ Qxf7 21.
Qxf7+ Kxf7 22. Ng5+ Ke8 23. Nxe4 Be7 24. Bb6 Rxd1+ 25. Rxd1 Nb8 26. Bc5 Rd8 27.
Rc1 Nc6 28. Bxe7 Kxe7 29. Nc5 Nd4 30. Kg2 b6 31. Nxa6 Ra8 32. Nc7 Rxa3 33. Nd5+
Ke6 34. Nxb6 Rb3 35. Rc4 g5 36. Na4 Kd5 37. Rc5+ Kd6 38. Nc3 Ne6 39. Ne4+ Kd7
40. Rxe5 Nf4+ 41. Kh2 Rxh3+ 42. Kg1 Rb3 43. b5 Rb1+ 44. Kh2 h6 45. Rf5 Rb4 46.
Nf6+ Ke6 47. Ng8 Rb3 48. b6 Rb2 49. Kh1 Rb1+ 50. Kh2 Rb2 51. Nxh6 Rxf2+ 52. Kg3
Rb2 53. Rxg5 Nd5 54. Rg6+ Ke5 55. Nf7+ Kd4 56. g5 Rxb6 57. Rxb6 Nxb6 58. g6 Nd5
59. g7 Nf6 60. Kh4 Kd5 61. Kg5 Ke6 62. Nh6 Nh7+ 63. Kh5 Ke7 64. Kg6 Nf8+ 65. Kf5 1-0

[Event "FIDE Women's Grand Swiss"]
[Site "Samarkand UZB"]
[Date "2025.09.13"]
[Round "9.21"]
[White "Efroimski, Marsel"]
[Black "Beydullayeva, Govhar"]
[Result "1-0"]
[WhiteTitle "IM"]
[BlackTitle "WGM"]
[WhiteElo "2377"]
[BlackElo "2368"]
[WhiteFideId "2810964"]
[BlackFideId "13413015"]
[EventDate "2025.09.04"]

1. e4 e5 2. Nf3 Nc6 3. Bb5 a6 4. Ba4 Nf6 5. O-O Be7 6. Re1 b5 7. Bb3 O-O 8. a4
b4 9. d4 d6 10. dxe5 Nxe5 11. Bf4 Ng6 12. Bg3 Bb7 13. Nbd2 Nd7 14. Nc4 a5 15. e5
Nc5 16. exd6 cxd6 17. Bxd6 Bxd6 18. Qxd6 Nxb3 19. cxb3 Bxf3 20. Qxd8 Rfxd8 21.
gxf3 Nh4 22. Red1 Nxf3+ 23. Kg2 Nd4 24. Rd3 Nc6 25. Rad1 Re8 26. Rd5 h6 27. Rc5
Re6 28. Rdd5 Kh7 29. Nxa5 Nxa5 30. Rxa5 Rae8 31. Rf5 R8e7 32. Rab5 Re2 33. Rxb4
Rxb2 34. Rbb5 f6 35. a5 Ra2 36. Rf4 Re6 37. b4 g5 38. Rb6 Re1 39. Rfxf6 Re4 40.
a6 1-0

[Event "FIDE Women's Grand Swiss"]
[Site "Samarkand UZB"]
[Date "2025.09.13"]
[Round "9.22"]
[White "Ouellet, Maili-Jade"]
[Black "Kiolbasa, Oliwia"]
[Result "1/2-1/2"]
[WhiteTitle "WGM"]
[BlackTitle "IM"]
[WhiteElo "2348"]
[BlackElo "2405"]
[WhiteFideId "2620472"]
[BlackFideId "1154613"]
[EventDate "2025.09.04"]

1. d4 Nf6 2. c4 e6 3. Nc3 Bb4 4. e3 b6 5. Ne2 Ne4 6. Bd2 Nxd2 7. Qxd2 O-O 8. a3
Be7 9. Ng3 d6 10. Bd3 f5 11. Qc2 g6 12. Nge2 Bf6 13. O-O-O Nd7 14. Nf4 Qe8 15.
g4 c6 16. gxf5 gxf5 17. Rhg1+ Kh8 18. Be2 e5 19. Nh5 Bh4 20. Rg2 Nf6 21. Ng7 Qe7
22. Nxf5 Bxf5 23. Qxf5 Nd5 24. Nxd5 cxd5 25. Qh3 exd4 26. Rxd4 Bxf2 27. Rxd5
Qxe3+ 28. Qxe3 Bxe3+ 29. Kc2 Rf6 30. Bd3 Rg8 31. Re2 Bf4 32. Rf5 Rxf5 33. Bxf5
Be5 1/2-1/2

[Event "FIDE Women's Grand Swiss"]
[Site "Samarkand UZB"]
[Date "2025.09.13"]
[Round "9.23"]
[White "Wafa, Shrook"]
[Black "Roebers, Eline"]
[Result "0-1"]
[WhiteTitle "WGM"]
[BlackTitle "IM"]
[WhiteElo "2202"]
[BlackElo "2377"]
[WhiteFideId "10609970"]
[BlackFideId "1058401"]
[EventDate "2025.09.04"]

1. e4 c5 2. Nf3 d6 3. d4 cxd4 4. Nxd4 Nf6 5. Nc3 a6 6. Be2 e6 7. O-O Be7 8. Be3
Qc7 9. Qd2 b5 10. a3 Bb7 11. f3 Nbd7 12. Rfd1 O-O 13. Qe1 Ne5 14. Qg3 Kh8 15.
Bd3 Nc4 16. Bxc4 Qxc4 17. Rd2 Qc7 18. Nce2 Rac8 19. Nf4 g6 20. Nfxe6 fxe6 21.
Nxe6 Qc6 22. Nxf8 Rxf8 23. Rad1 Nh5 24. Qf2 Kg8 25. Bh6 Rd8 26. c3 Ng7 27. Bf4
Bc8 28. Kh1 Be6 29. Qa7 Bf8 30. Qe3 Bb3 31. Re1 Re8 32. Rc1 a5 33. h3 a4 34. Qf2
Nh5 35. Be3 d5 36. e5 Rxe5 37. Bd4 Re8 38. Re1 Bd6 39. Kg1 Bc4 40. Rdd1 Bg3 41.
Rxe8+ Qxe8 42. Qe3 Qxe3+ 43. Bxe3 Nf4 44. Bxf4 Bxf4 45. Kf2 Kf7 46. g3 Bd6 47.
f4 h5 48. Kf3 Bc5 49. g4 h4 50. Rd2 Ke6 51. Rd1 Bb6 52. Re1+ Kd6 53. Rd1 Bd8 54.
Rd2 Kc5 55. g5 Kd6 56. Kg4 Ke6 57. Rg2 Bd3 58. Rd2 Be4 59. Re2 Bb6 60. Rd2 Be3
61. Re2 Bc1 62. Rf2 Bd3 63. Kxh4 Kf5 64. Kg3 Ke4 65. f5 gxf5 66. g6 Bh6 67. h4
f4+ 68. Kg4 f3 69. Rh2 Be2 70. Kg3 Ke3 71. h5 d4 72. cxd4 Bf4+ 73. Kh4 Bxh2 74.
h6 f2 75. g7 f1=Q 76. g8=Q Qf4+ 0-1

[Event "FIDE Women's Grand Swiss"]
[Site "Samarkand UZB"]
[Date "2025.09.13"]
[Round "9.24"]
[White "Manko, Mariia"]
[Black "Badelka, Olga"]
[Result "0-1"]
[WhiteTitle "WIM"]
[BlackTitle "IM"]
[WhiteElo "2313"]
[BlackElo "2375"]
[WhiteFideId "14199220"]
[BlackFideId "13509926"]
[EventDate "2025.09.04"]

1. d4 Nf6 2. c4 e6 3. g3 d5 4. Bg2 Be7 5. Nf3 O-O 6. O-O dxc4 7. Qc2 a6 8. a4
Nc6 9. Qxc4 h6 10. Rd1 e5 11. Nc3 e4 12. Ne5 Be6 13. Nxc6 Bxc4 14. Nxd8 Raxd8
15. Bf4 c6 16. Bc7 Rd7 17. Be5 e3 18. f3 Nd5 19. Bh3 f5 20. Kf1 a5 21. Rdc1 Ba6
22. f4 Bb4 23. Ne4 Rdd8 24. Nc5 Ra8 25. Ne6 Rf7 26. Bg2 Bd2 27. Rc5 Nb4 28. Nc7
Rd8 29. Nxa6 Nxa6 30. Rc4 Kh7 31. Bf3 Nb8 32. Bxb8 Rxb8 33. d5 cxd5 34. Bxd5 Rf6
35. Rc7 b5 36. b3 Rd6 37. Bf7 bxa4 38. Rxa4 Rf6 39. Bc4 Rff8 40. Be6 Rf6 41. Bf7
Rf8 42. Bc4 Rb8 43. Ra2 h5 44. Kg2 h4 45. Rc2 hxg3 46. hxg3 Kg6 47. Bd5 Rd8 48.
R2c5 Rfd6 49. Bc4 Rf8 50. Re7 Kh6 51. Rcc7 Rg6 52. Bf7 Rb6 53. Bd5 Rg6 54. Bf7
Rb6 55. Rcd7 Rc6 56. g4 fxg4 57. Re5 g6 58. Ree7 Rf6 59. Bg8 Rxf4 60. Rh7+ Kg5
61. Be6 Rf2+ 62. Kg3 Be1 63. Rd5+ R2f5+ 64. Kg2 Rxd5 65. Bxd5 Rf2+ 66. Kg1 Rxe2
67. Kf1 Rd2 68. Bc4 g3 69. b4 axb4 70. Re7 g2+ 71. Kg1 Kf4 72. Re6 g5 73. Re8 g4
74. Ba6 b3 75. Bb7 b2 76. Re4+ Kg5 77. Rb4 e2 78. Bc8 Bf2+ 0-1

[Event "FIDE Women's Grand Swiss"]
[Site "Samarkand UZB"]
[Date "2025.09.13"]
[Round "9.25"]
[White "Kulon, Klaudia"]
[Black "Arabidze, Meri"]
[Result "1/2-1/2"]
[WhiteTitle "IM"]
[BlackTitle "IM"]
[WhiteElo "2361"]
[BlackElo "2444"]
[WhiteFideId "1131044"]
[BlackFideId "13604040"]
[EventDate "2025.09.04"]

1. e4 e5 2. Nf3 Nc6 3. Bb5 a6 4. Bxc6 dxc6 5. O-O Ne7 6. Nxe5 Qd4 7. Qh5 g6 8.
Nf3 Qxe4 9. Nc3 Qf5 10. Qh4 Bg7 11. Re1 Qf6 12. Qg3 Qd6 13. d3 Qxg3 14. hxg3 Be6
15. Ng5 Kd7 16. Nxe6 fxe6 17. Ne4 b6 18. Ng5 Rae8 19. Nf7 Rhf8 20. Ne5+ Bxe5 21.
Rxe5 c5 22. Bh6 Rf5 23. Re4 Nc6 24. g4 Rd5 25. a3 Nd4 26. c4 Nb3 27. Rd1 Rd4 28.
Bg7 Rxe4 29. dxe4+ Kc6 30. Rd3 Na5 31. b3 b5 32. cxb5+ axb5 33. f4 Re7 34. Bf6
Rf7 35. g5 c4 36. bxc4 Nxc4 37. Rd8 Nd6 38. e5 Nc4 39. Re8 Kd7 40. Ra8 Kc6 41.
Re8 Kd7 42. Ra8 Kc6 43. Re8 1/2-1/2

[Event "FIDE Women's Grand Swiss"]
[Site "Samarkand UZB"]
[Date "2025.09.13"]
[Round "9.26"]
[White "Gomez Barrera, Javiera Belen"]
[Black "Balabayeva, Xeniya"]
[Result "1/2-1/2"]
[WhiteTitle "WIM"]
[BlackTitle "WGM"]
[WhiteElo "2169"]
[BlackElo "2383"]
[WhiteFideId "3418723"]
[BlackFideId "13719688"]
[EventDate "2025.09.04"]

1. e4 c6 2. d4 d5 3. e5 Bf5 4. h4 h5 5. Bd3 Bxd3 6. Qxd3 Qa5+ 7. Nd2 e6 8. Nf3
Nd7 9. O-O Ne7 10. Nb3 Qb5 11. Qd1 a5 12. a4 Qb6 13. Bg5 Nf5 14. c3 Rc8 15. Rb1
Qa6 16. Nc1 c5 17. Ne2 b5 18. axb5 Qxb5 19. dxc5 Bxc5 20. b4 axb4 21. cxb4 Bb6
22. Ned4 Nxd4 23. Nxd4 Bxd4 24. Qxd4 Rc4 25. Rfc1 O-O 26. Rxc4 dxc4 27. Rc1 Rc8
28. Be7 Nxe5 29. Bc5 Nd3 30. Rxc4 Nxb4 31. Rxb4 Qxc5 32. Qxc5 Rxc5 33. g3 Kh7
34. Kg2 Kg6 35. Ra4 e5 36. Ra7 Rc6 37. Re7 Kf6 38. Re8 Re6 39. Ra8 Re7 40. Ra5
Kf5 41. Rb5 f6 42. Ra5 Rd7 43. Rb5 Rd3 44. Rb7 g6 45. Rb8 Rd2 46. Rg8 Rd3 47.
Rg7 Rd2 48. Rg8 e4 49. Re8 Rd6 50. Re7 Re6 51. Ra7 g5 52. hxg5 fxg5 53. Rf7+ Kg4
54. Rf8 Rd6 55. Re8 Kf5 56. Rf8+ Rf6 57. Re8 h4 58. gxh4 gxh4 59. f3 Rg6+ 60.
Kf2 exf3 61. Kxf3 Rg3+ 62. Kf2 Kg4 63. Re1 Rf3+ 64. Kg2 h3+ 65. Kh2 Rf2+ 66. Kg1
Rg2+ 67. Kh1 Kg3 68. Re3+ Kg4 69. Rxh3 Kxh3 1/2-1/2

[Event "FIDE Women's Grand Swiss"]
[Site "Samarkand UZB"]
[Date "2025.09.13"]
[Round "9.27"]
[White "Yip, Carissa"]
[Black "Tan, Zhongyi"]
[Result "0-1"]
[WhiteTitle "IM"]
[BlackTitle "GM"]
[WhiteElo "2458"]
[BlackElo "2531"]
[WhiteFideId "2090732"]
[BlackFideId "8603642"]
[EventDate "2025.09.04"]

1. e4 e6 2. d4 d5 3. Nc3 Nf6 4. e5 Nfd7 5. Nce2 c5 6. c3 Nc6 7. a3 b5 8. Nf3 b4
9. axb4 cxb4 10. Nf4 Nb6 11. h4 a5 12. Bb5 Bd7 13. Qe2 Qc7 14. Bd2 a4 15. O-O
Na5 16. cxb4 Nb3 17. Rab1 Nxd2 18. Bxd7+ Qxd7 19. Qxd2 Qb5 20. Nh5 h6 21. Qf4
Qxb4 22. Nd2 Nd7 23. Rfc1 g6 24. Nf6+ Nxf6 25. Qxf6 Rh7 26. Nf3 Be7 27. Qf4 Kd7
28. Rc3 Rc8 29. Rxc8 Kxc8 30. Qc1+ Kd7 31. Qc2 Rh8 32. Rc1 Rb8 33. Qc6+ Kd8 34.
Nh2 Qb5 35. Qc7+ Ke8 36. Ng4 Qb6 37. Qc2 Qxb2 38. Qxa4+ Kf8 39. Rc7 Bd8 40. Rc2
Qb1+ 41. Kh2 Kg7 42. Ne3 Bxh4 43. Qd7 Qe1 44. Ng4 Rb1 45. Kh3 Rb3+ 46. g3 Qf1+
47. Kh2 Rb1 0-1

[Event "FIDE Women's Grand Swiss"]
[Site "Samarkand UZB"]
[Date "2025.09.14"]
[Round "10.1"]
[White "Tan, Zhongyi"]
[Black "Lagno, Kateryna"]
[Result "1/2-1/2"]
[WhiteTitle "GM"]
[BlackTitle "GM"]
[WhiteElo "2531"]
[BlackElo "2505"]
[WhiteFideId "8603642"]
[BlackFideId "14109336"]
[EventDate "2025.09.04"]

1. d4 d5 2. c4 e6 3. Nc3 Nf6 4. cxd5 exd5 5. Bf4 c5 6. e3 Nc6 7. Nf3 c4 8. Be2
Be6 9. O-O Bb4 10. Nb5 O-O 11. Nc7 Rc8 12. Nxe6 fxe6 13. Ng5 Qe7 14. Be5 h6 15.
Nh3 Nxe5 16. dxe5 Nd7 17. f4 Bc5 18. Rf3 b5 19. Kh1 Bb6 20. g4 c3 21. bxc3 Rxc3
22. g5 hxg5 23. Nxg5 Nxe5 24. Rg3 Nf7 25. Nxf7 Qxf7 26. Bd3 Rfc8 27. Qe2 d4 28.
exd4 Bxd4 29. Rd1 Rc1 30. Kg2 Rxd1 31. Qxd1 Rc3 32. Qf3 Qc7 33. Kh3 Bf6 34. Qh5
Kf8 35. Bxb5 Rxg3+ 36. hxg3 Ke7 37. Qf3 Qb6 38. Bc4 Qc5 39. Bb3 Bd4 40. Qb7+ Kf8
41. Kg2 Qc3 42. Qa8+ Ke7 43. Ba4 Qc4 44. Qe8+ Kd6 45. Qd8+ Kc5 46. Qa5+ Kd6 47.
Qd8+ Kc5 48. Qa5+ Kd6 49. Bb3 Qe2+ 50. Kh3 Qf1+ 51. Kg4 Qe2+ 52. Kh3 Qf1+ 53.
Kg4 1/2-1/2

[Event "FIDE Women's Grand Swiss"]
[Site "Samarkand UZB"]
[Date "2025.09.14"]
[Round "10.2"]
[White "Song, Yuxin"]
[Black "Assaubayeva, Bibisara"]
[Result "1/2-1/2"]
[WhiteTitle "IM"]
[BlackTitle "GM"]
[WhiteElo "2409"]
[BlackElo "2505"]
[WhiteFideId "8614300"]
[BlackFideId "13708694"]
[EventDate "2025.09.04"]

1. e4 e5 2. Nf3 Nc6 3. d4 exd4 4. Nxd4 Nf6 5. Nxc6 bxc6 6. Nd2 d5 7. exd5 cxd5
8. Bb5+ Bd7 9. Bxd7+ Qxd7 10. O-O Be7 11. b3 O-O 12. Bb2 Rfe8 13. Qf3 Ng4 14. h3
Bf6 15. Bxf6 Nxf6 16. Rad1 Qe7 17. Qd3 h6 18. c4 Rad8 19. cxd5 Rxd5 20. Qb1 Re5
21. Nf3 Re4 22. Qc2 Re2 23. Rd2 Rxd2 24. Qxd2 Qa3 25. Re1 Rxe1+ 26. Nxe1 c6 27.
Nf3 Qc5 28. Qd8+ Kh7 29. Qd4 Qa5 30. Qd3+ Kg8 31. Qe2 Qc3 32. Ne5 Nd5 33. Nd7
Nf6 34. Nxf6+ Qxf6 35. g3 Qf5 36. Kg2 Qd5+ 37. Qf3 Qd7 38. Qe4 g6 39. h4 h5 1/2-1/2

[Event "FIDE Women's Grand Swiss"]
[Site "Samarkand UZB"]
[Date "2025.09.14"]
[Round "10.3"]
[White "Vaishali, Rameshbabu"]
[Black "Muzychuk, Mariya"]
[Result "1-0"]
[WhiteTitle "GM"]
[BlackTitle "GM"]
[WhiteElo "2452"]
[BlackElo "2484"]
[WhiteFideId "5091756"]
[BlackFideId "14114550"]
[EventDate "2025.09.04"]

1. e4 c5 2. Nf3 Nc6 3. d4 cxd4 4. Nxd4 Nf6 5. Nc3 e5 6. Ndb5 d6 7. Nd5 Nxd5 8.
exd5 Nb8 9. Rg1 Be7 10. g4 Nd7 11. Be3 a6 12. Nc3 Bg5 13. Bxg5 Qxg5 14. Qd2
Qxd2+ 15. Kxd2 b5 16. a4 b4 17. Ne4 Ke7 18. a5 Nc5 19. f3 Bd7 20. Nxc5 dxc5 21.
Bc4 Kd6 22. Rae1 g5 23. h4 gxh4 24. f4 f6 25. g5 exf4 26. gxf6 Rhf8 27. Re7 Rxf6
28. Rxh7 h3 29. Ke2 Bf5 30. Rh4 Bxc2 31. Rxh3 Be4 32. Kf2 Ke5 33. b3 Rd8 34. Re1
f3 35. Rh5+ Rf5 36. Rh6 Kd4 37. d6 Rg5 38. Rh4 Re5 39. Re3 Ree8 40. d7 Re7 41.
Rd3+ Ke5 42. Rxe4+ 1-0

[Event "FIDE Women's Grand Swiss"]
[Site "Samarkand UZB"]
[Date "2025.09.14"]
[Round "10.4"]
[White "Guo, Qi"]
[Black "Krush, Irina"]
[Result "1/2-1/2"]
[WhiteTitle "IM"]
[BlackTitle "GM"]
[WhiteElo "2371"]
[BlackElo "2366"]
[WhiteFideId "8604002"]
[BlackFideId "2012782"]
[EventDate "2025.09.04"]

1. d4 Nf6 2. c4 e6 3. Nf3 d5 4. Nc3 dxc4 5. e3 a6 6. a4 c5 7. Bxc4 Nc6 8. O-O
cxd4 9. exd4 Be7 10. d5 exd5 11. Nxd5 Nxd5 12. Bxd5 O-O 13. Be3 Nb4 14. Bb3 Bf5
15. Qxd8 Raxd8 16. Rac1 Nc6 17. Bc5 Rfe8 18. Bb6 Rc8 19. Nd4 Nxd4 20. Bxd4 Be6
21. Bxe6 fxe6 22. Be3 Kf7 23. g3 Bf6 24. b4 b5 25. axb5 axb5 26. Rfd1 Be7 27.
Rxc8 Rxc8 28. Rd7 Kf8 29. Rb7 Bxb4 30. Rxb5 Bd6 1/2-1/2

[Event "FIDE Women's Grand Swiss"]
[Site "Samarkand UZB"]
[Date "2025.09.14"]
[Round "10.5"]
[White "Fataliyeva, Ulviyya"]
[Black "Girya, Olga"]
[Result "1-0"]
[WhiteTitle "IM"]
[BlackTitle "GM"]
[WhiteElo "2385"]
[BlackElo "2386"]
[WhiteFideId "13403052"]
[BlackFideId "4195752"]
[EventDate "2025.09.04"]

1. d4 Nf6 2. Nf3 d5 3. c3 c6 4. Bf4 Bf5 5. h3 e6 6. Qb3 Qb6 7. Nbd2 h6 8. e3
Nbd7 9. Be2 Be7 10. Rg1 g5 11. Bh2 Ne4 12. Nxe4 Bxe4 13. Nd2 Bg6 14. f3 O-O 15.
g4 c5 16. Qxb6 Nxb6 17. a4 cxd4 18. exd4 a5 19. Bb5 Nc8 20. Nb3 Nd6 21. Nc5 Ra7
22. Nd7 Rd8 23. Ne5 Bh7 24. Bd3 Bxd3 25. Nxd3 Nc4 26. Ra2 Rc8 27. b3 Nd6 28. Kd2
b6 29. Bg3 Rac7 30. Rc2 f6 31. h4 Rc6 32. Re1 Kf7 33. h5 Ne8 34. Rf1 Kg7 35. Nb2
Ba3 36. Rfc1 Nd6 37. Kd3 Nf7 38. c4 dxc4+ 39. Rxc4 Nd8 40. R1c2 Kf7 41. Nd1 Ke7
42. Ne3 Kd7 43. d5 exd5 44. Nxd5 Bc5 45. Re4 Nb7 46. Rd2 Rf8 47. Ke2 Kc8 48. Rc2
Kd7 49. Rd2 Kc8 50. Ne7+ Bxe7 51. Rxe7 Nc5 52. Ra7 Re8+ 53. Kd1 Re3 54. Ra8+ Kb7
55. Rb8+ Ka7 56. Rdd8 Rce6 57. Rbc8 Re7 58. Ra8+ Kb7 59. Rab8+ Ka7 60. Ra8+ Kb7
61. Rab8+ Ka6 62. Ra8+ Ra7 63. Rxa7+ Kxa7 64. Rh8 Rxf3 65. Rh7+ Ka6 66. Bb8 b5
67. Rxh6 bxa4 68. bxa4 Kb7 69. Rh8 Nxa4 70. h6 Rh3 71. h7 Nc5 72. Bd6 Nd7 73.
Ke2 a4 74. Kf2 Kb6 75. Be7 Kb7 76. Kg2 Rh4 77. Rd8 Rxh7 78. Rxd7+ Kc8 79. Rd8+
Kc7 80. Bxf6 Rh6 81. Bxg5 Rg6 82. Rd5 a3 83. Bf4+ Kc6 84. Rg5 Re6 85. Ra5 Re4
86. Kf3 1-0

[Event "FIDE Women's Grand Swiss"]
[Site "Samarkand UZB"]
[Date "2025.09.14"]
[Round "10.6"]
[White "Shuvalova, Polina"]
[Black "Muzychuk, Anna"]
[Result "1/2-1/2"]
[WhiteTitle "IM"]
[BlackTitle "GM"]
[WhiteElo "2492"]
[BlackElo "2535"]
[WhiteFideId "24171760"]
[BlackFideId "14111330"]
[EventDate "2025.09.04"]

1. d4 d5 2. c4 e6 3. Nf3 Nf6 4. Nc3 c5 5. cxd5 cxd4 6. Qxd4 exd5 7. Bg5 Be7 8.
e3 O-O 9. Be2 Nc6 10. Qd3 Be6 11. O-O h6 12. Bh4 Qb6 13. a3 Rfd8 14. b4 a6 15.
Na4 Qa7 16. Rac1 Rac8 17. h3 g5 18. Bg3 Ne4 19. Bh2 b5 20. Nc3 Bf5 21. Nxd5 Ng3
22. Nxe7+ Qxe7 23. Qxd8+ Rxd8 24. Bxg3 Qe6 25. Rc5 Be4 26. Rfc1 Qa2 27. Bf1 Ne7
28. h4 Bxf3 29. gxf3 Qxa3 30. hxg5 hxg5 31. Rxg5+ Kf8 32. Rgc5 Qxb4 33. Be5 Qh4
34. e4 Qg5+ 1/2-1/2

[Event "FIDE Women's Grand Swiss"]
[Site "Samarkand UZB"]
[Date "2025.09.14"]
[Round "10.7"]
[White "Danielian, Elina"]
[Black "Osmak, Yuliia"]
[Result "1-0"]
[WhiteTitle "GM"]
[BlackTitle "IM"]
[WhiteElo "2405"]
[BlackElo "2478"]
[WhiteFideId "13300210"]
[BlackFideId "14101602"]
[EventDate "2025.09.04"]

1. d4 d5 2. c4 e6 3. Nc3 Nf6 4. cxd5 exd5 5. Bg5 c6 6. e3 Bd6 7. Bd3 O-O 8. Nge2
Re8 9. Qc2 h6 10. Bh4 a5 11. h3 Na6 12. a3 Nc7 13. O-O Ne6 14. Rad1 Bd7 15. f3
Rc8 16. Qd2 b5 17. Bb1 b4 18. axb4 axb4 19. Na2 Rb8 20. Nac1 Ng5 21. Nf4 c5 22.
dxc5 Bxc5 23. Bf2 Ba4 24. b3 Bb5 25. Rfe1 Qc7 26. h4 Ne6 27. Nxd5 Nxd5 28. Qxd5
Rbd8 29. Qf5 g6 30. Qc2 Rxd1 31. Rxd1 Qe5 32. Qe4 Qc3 33. Qb7 Rd8 34. Rxd8+ Nxd8
35. Qxb5 Qxc1+ 36. Qf1 Bxe3 37. Qxc1 Bxc1 38. Kf1 Ne6 39. Be4 Bb2 40. Bd5 Nd4
41. g4 Kg7 42. Bg3 Bc3 43. Kf2 f6 44. Ke3 h5 45. Kd3 Kh6 46. Bf2 Nb5 47. Bc6 Na3
48. Be3+ g5 49. Be8 hxg4 50. fxg4 Nb1 51. Bc1 Be1 52. hxg5+ fxg5 53. Be3 Bc3 54.
Bf7 Kg7 55. Bd5 Bf6 56. Bc5 Nc3 57. Be6 Na2 58. Ke4 Kg6 59. Kd5 Nc3+ 60. Kc6 Na2
61. Kd7 Kg7 62. Ke8 Bc3 63. Bf7 Bf6 64. Bf8+ Kh7 65. Be6 Bg7 66. Be7 Kg6 67.
Bf5+ Kh6 68. Kf7 Nc1 69. Bc2 Na2 70. Bc5 Nc3 71. Bxb4 Nb5 72. Be4 Nc3 73. Bf5
Nb5 74. Bd3 Nd4 75. Bc3 Be5 76. Be4 Nc6 77. Bd2 Nd4 78. b4 Nb3 79. Be3 Nd4 80.
Bd3 Nc2 81. Bc5 1-0

[Event "FIDE Women's Grand Swiss"]
[Site "Samarkand UZB"]
[Date "2025.09.14"]
[Round "10.8"]
[White "Wagner, Dinara"]
[Black "Kosteniuk, Alexandra"]
[Result "0-1"]
[WhiteTitle "IM"]
[BlackTitle "GM"]
[WhiteElo "2400"]
[BlackElo "2472"]
[WhiteFideId "24157570"]
[BlackFideId "4128125"]
[EventDate "2025.09.04"]

1. d4 Nf6 2. c4 e6 3. Nf3 d5 4. Nc3 Bb4 5. cxd5 exd5 6. Bf4 O-O 7. e3 c5 8. Bd3
Bg4 9. O-O cxd4 10. exd4 Nc6 11. Be2 Ne4 12. Nxe4 dxe4 13. Ne5 Nxe5 14. dxe5
Qxd1 15. Bxd1 Bf5 16. Bb3 Rfd8 17. Rac1 Ba5 18. Rfd1 Rxd1+ 19. Rxd1 Rc8 20. Kf1
h6 21. Rc1 Rxc1+ 22. Bxc1 Bc7 23. Bf4 g5 24. Bg3 Bb6 25. Bd5 Bd4 26. Bxb7 Bxb2
27. Bd5 h5 28. h4 gxh4 29. Bxh4 Bxe5 30. Ke2 Bd4 31. Bg5 Bg4+ 32. Kf1 Be6 33.
Bxe6 fxe6 34. Ke2 Kf7 35. Be3 e5 36. Bd2 Ke6 37. Bg5 Kd5 38. f3 exf3+ 39. Kxf3
e4+ 40. Ke2 Kc4 41. Bd2 Bb6 42. Be1 Kb5 43. Bc3 Ka4 44. Bb2 Kb4 45. Kd2 Kc4 46.
Bf6 a5 47. Be7 e3+ 48. Ke2 Kc3 49. Bf6+ Kc2 50. Be7 a4 51. Bd6 Kb2 52. a3 Kc2
53. Be7 Bd4 54. Bd6 Kb3 55. Kd3 Bb2 56. Kxe3 Bxa3 57. Be5 Bc1+ 0-1

[Event "FIDE Women's Grand Swiss"]
[Site "Samarkand UZB"]
[Date "2025.09.14"]
[Round "10.9"]
[White "Dronavalli, Harika"]
[Black "Stefanova, Antoaneta"]
[Result "1/2-1/2"]
[WhiteTitle "GM"]
[BlackTitle "GM"]
[WhiteElo "2467"]
[BlackElo "2395"]
[WhiteFideId "5015197"]
[BlackFideId "2902257"]
[EventDate "2025.09.04"]

1. d4 d5 2. c4 e6 3. Nc3 Nf6 4. Bg5 dxc4 5. e3 h6 6. Bh4 a6 7. Bxc4 Nbd7 8. Be2
c5 9. Nf3 Be7 10. O-O O-O 11. Rc1 b5 12. dxc5 Nxc5 13. Qd4 g5 14. Bg3 Bb7 15.
Rfd1 Qxd4 16. exd4 Nce4 17. Nxe4 Bxe4 18. h4 Nh5 19. hxg5 Nxg3 20. fxg3 hxg5 21.
Ne5 f6 22. Nd7 Rfc8 23. Nc5 Bd5 24. Bf3 Bxf3 25. gxf3 Rc6 26. Re1 Kf7 27. Kf2
Rh8 28. Kg2 Rd8 29. Nb3 Rc4 30. Rh1 Bf8 31. Kf2 f5 32. Ke2 Bg7 33. Rxc4 bxc4 34.
Na5 Rxd4 35. Rc1 c3 36. Rxc3 Ra4 37. Ra3 Rxa3 38. bxa3 Ke7 39. Nc4 Kd7 40. Kd3
Kc6 41. a4 Kc5 42. a3 Bd4 43. g4 Kd5 44. Nd2 Bc5 45. Nc4 fxg4 46. fxg4 e5 47.
Nd2 Bxa3 48. Ne4 Bc1 49. Nf6+ Kc5 50. Nd7+ Kb4 51. Nxe5 Kxa4 52. Kc4 Ka5 53. Nd7
Ba3 54. Kb3 Bd6 55. Kc4 Be7 56. Ne5 Kb6 57. Nf3 Kc6 58. Kb3 Kb5 59. Nd4+ Kc5 60.
Nf3 Kb6 61. Ka4 Bf6 62. Kb4 Bd8 63. Ka4 Kc6 64. Ne5+ Kb6 65. Nf3 Be7 66. Kb3 Kb5
67. Nd4+ Kc5 68. Nf3 Bf6 69. Ka4 Kb6 70. Kb4 Bd8 71. Ka4 Be7 72. Kb3 Kb5 73.
Nd4+ Kc5 74. Nf3 Kd5 75. Ka4 Ke4 76. Nxg5+ Bxg5 77. Ka5 Kd4 1/2-1/2